=LDR 00000nam 2200000 4500 =001 INLIS000000000810227 =005 20251118092829 =035 ##$$a 0010-1125000081 =245 ##$$a Kesalahan Kesalahan Umu Dalam Shalat Lengka Dengan Koreksinya /$c Abu Ammar Mahmud Al Mishri =300 ##$$a 358 hlm ; $c 24 cm =260 ##$$a Jakarta : :$b Darul Haq,,$c 2018 =082 ##$$a 297.382 =084 ##$$a 297.382 AMM k =020 ##$$a 9789791254397